00422nam a22001692 4500001001100000005001700011008004100028020001700069040001500086100002900101245003000130250001300160260003100173300001700204650002800221852000300249000002388720151217154507.0130412s xx 000 0 eng d a0198068263 : aKABUcKABU1 aKhanna, Raj.@000018365410aImmunology /cRaj Khanna. a1st ed. aOxford :bO. U. P.,c2011. axiv, 414 p. 0aImmunology.@00000756631